名鉄小牧線の駅名くらい読めるよね! - Statistics

General Stats
  • This quiz has been taken 373 times
  • The average score is 14 of 15
Answer Stats
漢字 ひらがな % Correct
上飯田 かみいいだ
100%
平安通 へいあんどおり
98%
春日井 かすがい
97%
小牧口 こまきぐち
96%
小牧 こまき
96%
小牧原 こまきはら
96%
牛山 うしやま
95%
味岡 あじおか
94%
犬山 いぬやま
94%
羽黒 はぐろ
93%
間内 まない
89%
田県神社前 たがたじんじゃまえ
89%
楽田 がくでん
78%
味美 あじよし
73%
味鋺 あじま
68%
No matching quizzes found
Score Distribution
Percent of People with Each Score
Percentile by Number Answered
Your Score History
You have not taken this quiz